Loading...
| Science - Chemistry | 0 | 5 | 0 | 0 | 50 | 101 | 110.00 | 2 | 5 |
| Literature - American Literature | 0 | 4 | 0 | 1 | 40 | 98 | 127.50 | 1 | 3 |
| Literature - World Literature | 0 | 4 | 0 | 1 | 40 | 113 | 134.00 | 0 | 4 |
| Religion | 0 | 3 | 0 | 2 | 30 | 129 | 132.00 | 0 | 2 |
| Science - Other Science | 0 | 3 | 0 | 0 | 30 | 69 | 93.33 | 2 | 3 |
| Literature - British Literature | 0 | 3 | 0 | 0 | 30 | 117 | 122.33 | 0 | 3 |
| Philosophy | 1 | 1 | 0 | 0 | 25 | 67 | 93.00 | 2 | 2 |
| Science - Physics | 0 | 3 | 2 | 1 | 20 | 72 | 101.33 | 3 | 3 |
| Social Science- Edited | 0 | 1 | 0 | 0 | 10 | 82 | 82.00 | 1 | 1 |
| History - American History | 0 | 1 | 0 | 0 | 10 | 102 | 102.00 | 0 | 1 |
| History - Other History | 0 | 1 | 0 | 0 | 10 | 89 | 89.00 | 1 | 1 |
| Science - Biology | 0 | 1 | 0 | 0 | 10 | 87 | 87.00 | 0 | 1 |
| Fine Arts - Auditory Fine Arts | 0 | 1 | 0 | 0 | 10 | 91 | 91.00 | 0 | 1 |
| Literature - European Literature | 0 | 0 | 0 | 0 | 0 | 0.00 | 0 | 0 |